00741nam a2200181 a 4500003000200000005001700002008004100019050002700060100001700087245006100104260009100165300004100256504004100297650004200338650006600380650005200446650006100498020250213101857.0120723s19uu xx 00 eng d aPGS SF 433b.H772 2012 aHong, Julia. aDog ownership and sense of responsibility /cJulia Hong. aLas Piñas City, Philippines :bSouthville International School and Colleges, c2012. a29 pages :billustrations ;c28 cm.  aIncludes bibliographical references. aDog ownershipvPsychological aspects. aResponsibility in childrenvPet ownership and accountability. aDogs and childrenvEmotional and social impact. aPet carevEffects on children's sense of responsibility.